Nuclear Countries - Statistics

General Stats
  • This quiz has been taken 72 times
  • The average score is 27 of 34
Answer Stats
Nuclear Weapons Nuclear Power Country % Correct
North Korea
100%
United Kingdom
100%
Russia
97%
United States
97%
France
95%
Germany
95%
Japan
95%
China
92%
Pakistan
92%
South Korea
92%
Brazil
90%
India
90%
Israel
90%
Spain
90%
Canada
87%
Mexico
87%
Argentina
85%
Iran
82%
South Africa
82%
Ukraine
79%
Finland
74%
Netherlands
74%
Belgium
72%
Romania
67%
Czech Republic
64%
Belarus
62%
Switzerland
62%
United Arab Emirates
62%
Slovakia
59%
Slovenia
59%
Hungary
56%
Bulgaria
54%
Taiwan
54%
Armenia
36%
No matching quizzes found
Score Distribution
Percent of People with Each Score
Percentile by Number Answered
Your Score History
You have not taken this quiz